Statistics for Official Languages Quiz

Click here to take the quiz!

General Stats

  • This quiz has been taken 23 times
    (5 since last reset)
  • The average score is 181 of 364

Answer Stats

CountryAnswer% Correct
AfghanistanDari Persian
100%
South AfricaAfrikaans
80%
Albania | Kosovo | North MacedoniaAlbanian
80%
Algeria | Bahrain | Chad | +19 othersArabic
80%
BelarusBelarussian
80%
Bosnia and HerzegovinaBosnian
80%
BulgariaBulgarian
80%
AndorraCatalan
80%
Bosnia and Herzegovina | CroatiaCroatian
80%
CzechiaCzech
80%
(The) Gambia | Antigua and Barbuda | Australia | +55 othersEnglish
80%
FinlandFinnish
80%
Belgium | Benin | Burkina Faso | +25 othersFrench
80%
Austria | Belgium | Germany | +3 othersGerman
80%
JapanJapanese
80%
LithuaniaLithuanian
80%
NorwayNorwegian
80%
IranPersian
80%
PolandPolish
80%
Angola | Brazil | Cape Verde | +6 othersPortuguese
80%
Moldova | RomaniaRomanian
80%
Belarus | Kazakhstan | Kyrgyzstan | RussiaRussian
80%
Bosnia and Herzegovina | Kosovo | SerbiaSerbian
80%
CzechiaSlovak
80%
SloveniaSlovenian
80%
Argentina | Bolivia | Chile | +17 othersSpanish
80%
Finland | SwedenSwedish
80%
Cyprus | TürkiyeTurkish
80%
PakistanUrdu
80%
VietnamVietnamese
80%
ArmeniaArmenian
60%
AzerbaijanAzerbaijani
60%
BangladeshBengali
60%
Algeria | MoroccoBerber
60%
DenmarkDanish
60%
Belgium | Netherlands | SurinameDutch
60%
GeorgiaGeorgian
60%
Cyprus | GreeceGreek
60%
HaitiHaitian Creole
60%
IndiaHindi
60%
HungaryHungarian
60%
IcelandIcelandic
60%
IndonesiaIndonesian
60%
Italy | San Marino | Switzerland | Vatican CityItalian
60%
KazakhstanKazakh
60%
CambodiaKhmer
60%
North Korea | South KoreaKorean
60%
IraqKurdish
60%
KyrgyzstanKyrgyz
60%
LatviaLatvian
60%
Brunei | Malaysia | SingaporeMalay
60%
MongoliaMongolian
60%
AfghanistanPashto
60%
SwitzerlandRomansh
60%
SamoaSamoan
60%
Kenya | Rwanda | Tanzania | UgandaSwahili
60%
TajikistanTajik
60%
TurkmenistanTurkmen
60%
UkraineUkrainian
60%
UzbekistanUzbek
60%
South AfricaZulu
60%
EthiopiaAmharic
40%
EstoniaEstonian
40%
FijiFijian
40%
PhilippinesFilipino
40%
IsraelHebrew
40%
LaosLaotian
40%
LuxembourgLuxembourgish
40%
North MacedoniaMacedonian
40%
NepalNepali
40%
SlovakiaSlovakian
40%
Ethiopia | SomaliaSomali
40%
Singapore | Sri LankaTamil
40%
ThailandThai
40%
TuvaluTuvaluan
40%
South Africa | ZimbabweXhosa
40%
MyanmarBurmese
20%
BhutanDzongkha
20%
NorwayInari Sami
20%
IrelandIrish
20%
NorwayKildin Sami
20%
RwandaKinyarwanda
20%
BurundiKirundi
20%
NorwayLule Sami
20%
MadagascarMalagasy
20%
MaltaMaltese
20%
New ZealandMāori
20%
MontenegroMontenegrin
20%
NauruNauruan
20%
NorwayNorthern Sami
20%
NorwayPite Sami
20%
BoliviaQuechua
20%
NorwaySkolt Sami
20%
NorwaySouthern Sami
20%
NorwayTer Sami
20%
Papua New GuineaTok Pisin
20%
ZimbabweTonga
20%
TongaTongan
20%
South Africa | ZimbabweTswana
20%
NorwayUle Sami
20%
EthiopiaAfar
0%
BoliviaAraona
0%
BoliviaAymara
0%
MaliBambara
0%
BoliviaBarume
0%
BoliviaBésiro
0%
VanuatuBislama
0%
MaliBobo
0%
MaliBozo
0%
BoliviaCanichana
0%
BoliviaCavineña
0%
BoliviaCayubaba
0%
BoliviaChácobo
0%
ZimbabweChewa
0%
ZimbabweChibarwe
0%
MalawiChichewa
0%
BoliviaChimán
0%
ComorosComorian
0%
MaliDendi
0%
MaldivesDhivehi
0%
MaliDogon
0%
BoliviaEse Ejja
0%
FijiFiji Hindi
0%
MaliFula
0%
KiribatiGilbertese
0%
BoliviaGuarani
0%
ParaguayGuaraní
0%
BoliviaGuarasu'we
0%
BoliviaGuarayu
0%
MaliHassaniya
0%
Papua New GuineaHiri Motu
0%
MaliHumburi Senni
0%
BoliviaItonama
0%
ZimbabweKalanga
0%
MaliKassonke
0%
ZimbabweKhoisan
0%
MaliKorandje
0%
MaliKoyraboro Senni
0%
MaliKoyra Chiini
0%
BoliviaLeco
0%
BoliviaMachajuyai-Kallawaya
0%
BoliviaMachineri
0%
Singapore | TaiwanMandarin Chinese
0%
MaliManinke
0%
BoliviaMaropa
0%
Marshall IslandsMarshallese
0%
MauritiusMauritian Creole
0%
MaliMinyanka
0%
BoliviaMojeño-Ignaciano
0%
BoliviaMojeño-Trinitario
0%
BoliviaMoré
0%
BoliviaMosetén
0%
BoliviaMovima
0%
ZimbabweNambya
0%
ZimbabweNdau
0%
ZimbabweNdebele
0%
South AfricaNorthern Sotho
0%
EthiopiaOromo
0%
PalauPalauan
0%
BoliviaPavawara
0%
BoliviaPuquina
0%
Central African RepublicSango
0%
MaliSenufo
0%
SeychellesSeychellois Creole
0%
ZimbabweShangani
0%
ZimbabweShona
0%
Sri LankaSinhala
0%
BoliviaSiriono
0%
MaliSonghoyboro Ciine
0%
MaliSoninke
0%
Lesotho | South Africa | ZimbabweSotho
0%
South AfricaSouthern Ndebele
0%
ChinaStandard Chinese
0%
Eswatini | South AfricaSwazi
0%
BoliviaTacana
0%
MaliTadaksahak
0%
MaliTagdal
0%
MaliTamasheq
0%
BoliviaTapieté
0%
MaliTasawaq
0%
East TimorTetum
0%
Eritrea | EthiopiaTigrinya
0%
MaliTondi Songway Kiini
0%
BoliviaToromona
0%
South AfricaTsonga
0%
BoliviaUru-Chipaya
0%
South Africa | ZimbabweVenda
0%
BoliviaWeenhamek
0%
BoliviaYanimawa
0%
BoliviaYuki
0%
BoliviaYuracare
0%
BoliviaZamuco
0%
MaliZarma
0%

Score Distribution

Percentile by Number Answered

Percent of People with Each Score

Your Score History

You have not taken this quiz since the last reset